00613nam a2200169Ia 4500008004100000020002200041050002200063100001600085245007400101250000600175260003100181300001600212650004400228700005500272952009900327999001700426120626s9999 xx 000 0 und d a978-607-481-435-9 aQA76.76 O63 F5918 aMCLVER, Ann aSistemas Operativos / Ann Mclver, Ida M. Flynn; tr. Gabriel Sánchez a6 aMéxico: CENGAGE Learning aXIX, 569 p. a1.- SISTEMAS OPERATIVOS ( COMPUTADORAS) aFLYNN, IDA M. autor 2.SÁNCHEZ, GABRIEL, tr.Ì 00104070a09b09d2012-01-10l0oQA76.76 O63 F5918p09 004346r2012-06-26t1w2012-06-26yLB c64903d64903